Poľnohospodárstvo nebude brzdou pri vstupe Slovenska do EÚ
Rozhovor s predvstupným expertom EÚ Petrom Wittom o spolupráci na agrárnej politike s rezortom.
Gespeichert in:
| 1. Verfasser: | |
|---|---|
| Format: | Buchkapitel |
| Sprache: | Slowakisch |
| Schlagworte: | |
| Tags: |
Keine Tags, Fügen Sie das erste Tag hinzu!
|
MARC
| LEADER | 00000naa a2200000 4500 | ||
|---|---|---|---|
| 001 | r040330 | ||
| 005 | 20230824105942.3 | ||
| 041 | 0 | |a slo | |
| 044 | |a SK | ||
| 245 | 1 | 0 | |a Poľnohospodárstvo nebude brzdou pri vstupe Slovenska do EÚ |c Geňo Peňkovský |
| 520 | |a Rozhovor s predvstupným expertom EÚ Petrom Wittom o spolupráci na agrárnej politike s rezortom. | ||
| 610 | 2 | 0 | |a poľnohospodárstvo |
| 610 | 2 | 0 | |a spolupráca hospodárska medzinárodná |
| 610 | 2 | 0 | |a Európska únia |
| 610 | 2 | 0 | |a Slovensko |
| 610 | 2 | 0 | |a programy rozvojové |
| 100 | 1 | |a Peňkovský, Geňo | |